00650nam a2200205Ia 4500003000900000008004100009020003100050022002200081022002300103040001600126100002100142245005300163260003100216300001000247490002800257700001900285700001500304700001700319856010800336IN-BaIIA211028s9999 xx s 000 0 eng d a978-2-7598-0696-6 (Online) a1633-4760 (Print) a1638-1963 (Online) cIIA Library aRollig, M., ed.  0aConditions and Impact of Star Formationh[eBook] aFrancebEDP Sciencesc2011 a314p. aEAS Publications Series aOssenkopf, V.  aSimon, R.  aStutzki, J.  uhttps://www.eas-journal.org/articles/eas/abs/2011/07/contents/contents.htmlyClick Here to Access eBook